000 00458nam a2200169 4500
003 SEACOMMC
005 20250426134946.0
008 241213b |||||||| |||| 00| 0 eng d
020 _a81-80520-94-3.
_cRs.295.00
040 _aSEACOMMC
082 _a 658.3
_bD 286
100 _aDeb,Tapomoy
245 1 _aHuman Resource Development : Theory and Practice
_cTapomoy Deb
260 _aKolkata
_b Ane Books
_c 2006
650 _aPersonal Management
942 _cBOOK
999 _c870
_d870